000 00320 a2200145 4500
001 167883
020 _a
040 _cMagnum
100 _aConselho Nacional de Educacao
240 1 0 _aDocumenta - 1997 - nº 429
_lpor
245 1 0 _aDocumenta - 1997 - nº 429
362 0 _a1899
697 _aPEDAGOGIA
942 _cBK
999 _c167883
_d167883